[Event "XLV C.to Italiano a squadre Master"]
[Site "Bratto - Castione della Presolana ITA"]
[Date "2013.05.01"]
[Round "7"]
[White "Georgiev, Kiril D."]
[Black "Marin, Mihail"]
[WhiteElo "2657"]
[BlackElo "2552"]
[Result "1/2-1/2"]
[PlyCount "39"]
[EventDate "2013.04.27"]

1. d4 e6 2. c4 Nf6 3. Nf3 d5 4. Nc3 Nbd7 5. Bf4 dxc4 6. e3 Nb6 7. Bxc4 Nxc4 8.
Qa4+ Bd7 9. Qxc4 Bd6 10. Bg5 h6 11. Bh4 Rc8 12. O-O O-O 13. b4 a6 14. a3 Bc6
15. Ne5 Bd5 16. Qd3 Bxg2 17. Rfd1 Bd5 18. Nxd5 exd5 19. Qf5 c6 20. Bxf6 1/2-1/2

[Event "XLV C.to Italiano a squadre Master"]
[Site "Bratto - Castione della Presolana ITA"]
[Date "2013.05.01"]
[Round "7"]
[White "Jones, Gawain C.B."]
[Black "Rusev, Krasimir"]
[WhiteElo "2654"]
[BlackElo "2532"]
[Result "1/2-1/2"]
[PlyCount "87"]
[EventDate "2013.04.27"]

1. c4 Nf6 2. Nc3 e6 3. e4 e5 4. Nf3 Nc6 5. d4 exd4 6. Nxd4 Bb4 7. Nxc6 dxc6 8.
Qxd8+ Kxd8 9. Bd2 Be6 10. O-O-O Kc8 11. Be2 Re8 12. f3 a5 13. g4 Nd7 14. Kc2 f6
15. h4 b6 16. b3 Kb7 17. f4 Re7 18. Bf3 Rae8 19. e5 h5 20. exf6 Nxf6 21. gxh5
Bf5+ 22. Kb2 Rh8 23. Rhe1 Nxh5 24. Re5 g6 25. Ne2 Rd7 26. Bxb4 Rxd1 27. Bc3 Rh7
28. Nd4 Rxd4 29. Bxd4 Nxf4 30. Ka3 Nd3 31. Re2 Rxh4 32. Bf6 Rh7 33. Bg5 Nc5 34.
Re7 Rh3 35. Bg2 Rg3 36. Bxc6+ Kxc6 37. Bf4 Rxb3+ 38. axb3 Ne6 39. Be5 Kb7 40.
Rf7 Kc6 41. Kb2 Kb7 42. Kc3 Kc6 43. Re7 Kb7 44. Kb2 1/2-1/2

[Event "XLV C.to Italiano a squadre Master"]
[Site "Bratto - Castione della Presolana ITA"]
[Date "2013.05.01"]
[Round "7"]
[White "Lostuzzi, Manlio"]
[Black "Ortega, Lexy"]
[WhiteElo "2416"]
[BlackElo "2491"]
[Result "1-0"]
[PlyCount "24"]
[EventDate "2013.04.27"]

1. e4 e5 2. Nf3 Nc6 3. Bb5 Bc5 4. O-O Nd4 5. Nxd4 Bxd4 6. c3 Bb6 7. d4 c6 8.
Ba4 d6 9. Qd3 Nf6 10. Bg5 h6 11. Bh4 O-O 12. Nd2 Qe7 1-0

[Event "XLV C.to Italiano a squadre Master"]
[Site "Bratto - Castione della Presolana ITA"]
[Date "2013.05.01"]
[Round "7"]
[White "Malloni, Marcello"]
[Black "Valsecchi, Alessio"]
[WhiteElo "2351"]
[BlackElo "2429"]
[Result "1/2-1/2"]
[PlyCount "31"]
[EventDate "2013.04.27"]

1. d4 Nf6 2. c4 c5 3. d5 b5 4. cxb5 a6 5. bxa6 g6 6. Nc3 Bxa6 7. Nf3 Bg7 8. g3
d6 9. Bg2 O-O 10. O-O Nbd7 11. Rb1 Qa5 12. Bd2 Rfb8 13. Qc2 Qd8 14. Rfd1 Ne8
15. b3 Nc7 16. a4 1/2-1/2

[Event "XLV C.to Italiano a squadre Master"]
[Site "Bratto - Castione della Presolana ITA"]
[Date "2013.05.01"]
[Round "7"]
[White "Mocchi, Tullio"]
[Black "Vezzosi, Paolo"]
[WhiteElo "2248"]
[BlackElo "2282"]
[Result "1/2-1/2"]
[PlyCount "27"]
[EventDate "2013.04.27"]

1. e4 e5 2. Nf3 Nc6 3. Bb5 a6 4. Ba4 Nf6 5. O-O Be7 6. Bxc6 dxc6 7. d3 Nd7 8.
Nbd2 b5 9. Nb3 c5 10. Na5 O-O 11. a4 Qe8 12. Nc6 Bd6 13. axb5 Nb6 14. c4
1/2-1/2

[Event "XLV C.to Italiano a squadre Master"]
[Site "Bratto - Castione della Presolana ITA"]
[Date "2013.05.01"]
[Round "7"]
[White "Scalcione, Michelangelo"]
[Black "Cherin, Diego"]
[WhiteElo "2339"]
[BlackElo "2250"]
[Result "1-0"]
[PlyCount "65"]
[EventDate "2013.04.27"]

1. Nf3 f5 2. c4 Nf6 3. d4 g6 4. g3 Bg7 5. b4 O-O 6. Bb2 d6 7. Qc2 Qe8 8. Nbd2
c6 9. Bg2 h6 10. O-O Qf7 11. Ne1 Na6 12. Nd3 Nc7 13. a4 Bd7 14. f3 h5 15. e4 h4
16. e5 Nh7 17. f4 hxg3 18. hxg3 g5 19. Rae1 Rac8 20. Qb3 gxf4 21. gxf4 d5 22.
cxd5 Nxd5 23. e6 Bxe6 24. Nc5 Nxf4 25. Nxe6 Nxg2 26. Kxg2 Kh8 27. Nxf8 Qxf8 28.
Rh1 Bf6 29. Reg1 Rd8 30. Kf1 Bxd4 31. Bxd4+ Rxd4 32. Rxh7+ Kxh7 33. Qh3+ 1-0

[Event "XLV C.to Italiano a squadre Master"]
[Site "Bratto - Castione della Presolana ITA"]
[Date "2013.05.01"]
[Round "7"]
[White "Tomba, Ivan"]
[Black "D'Amore, Carlo"]
[WhiteElo "2254"]
[BlackElo "2488"]
[Result "0-1"]
[PlyCount "104"]
[EventDate "2013.04.27"]

1. e4 e5 2. Nf3 Nc6 3. d4 exd4 4. Nxd4 Bc5 5. Nxc6 Qf6 6. Qf3 bxc6 7. Nd2 a5 8.
Nb3 Bb6 9. a4 d6 10. Bd2 Be6 11. Bc3 Qg6 12. Bd3 Ne7 13. Nd4 Bxd4 14. Bxd4 O-O
15. O-O c5 16. Bc3 Qg5 17. Qg3 Qxg3 18. hxg3 f6 19. Rfe1 c4 20. Be2 Rfb8 21. f4
Nc6 22. Bf3 Ra6 23. Rad1 Nb4 24. Rd2 Na2 25. e5 dxe5 26. fxe5 Nxc3 27. bxc3 f5
28. Bd5 Kf7 29. Rd4 Ke7 30. Bxe6 Kxe6 31. Rxc4 c6 32. g4 fxg4 33. Rxg4 Rb7 34.
Rd4 c5 35. Rd8 Rab6 36. Kf2 Rb2 37. Rd6+ Ke7 38. Re2 R7b6 39. Rxb6 Rxb6 40. Ke3
Rg6 41. Kf3 Ke6 42. g4 Rh6 43. Ke4 Rh4 44. Kf3 Rh3+ 45. Ke4 Rg3 46. Kf4 Rxc3
47. Rd2 Rc4+ 48. Kg5 Rxa4 49. Rd6+ Kxe5 50. Rd7 h6+ 51. Kh5 g6+ 52. Kxh6 Rxg4
0-1

[Event "II Festival il Mare d'Inverno A"]
[Site "Gabicce Mare ITA"]
[Date "2013.01.02"]
[Round "1"]
[White "Bisi, Samuele"]
[Black "Petkov, Vladimir"]
[WhiteElo "2054"]
[BlackElo "2564"]
[Result "1-0"]
[PlyCount "117"]
[EventDate "2013.01.02"]

1. d4 c5 2. d5 e6 3. c4 exd5 4. cxd5 d6 5. Nc3 g6 6. e4 a6 7. f4 Bg7 8. Nf3 Ne7
9. a4 Bg4 10. Bc4 O-O 11. O-O Nd7 12. Be3 Re8 13. Qd2 Qa5 14. Nh4 Qb4 15. Bd3
c4 16. Bc2 Nc5 17. Rab1 Nd3 18. f5 gxf5 19. exf5 Bf6 20. Bxd3 Bxh4 21. Rf4 h5
22. Rxc4 Qb3 23. Bg5 Qb6+ 24. Kh1 Qf2 25. Qxf2 Bxf2 26. Ne4 b5 27. Rc2 Bd4 28.
Nxd6 Nxd5 29. Nxe8 Rxe8 30. h3 Nb4 31. hxg4 Nxd3 32. gxh5 f6 33. Bh4 Re4 34.
Bg3 bxa4 35. Rd2 Nc5 36. Re1 Rg4 37. Kh2 Nb3 38. Rde2 Kh7 39. Kh3 Rg8 40. Re7+
Kh8 41. R1e2 Bc5 42. Re8 Bd4 43. Rxg8+ Kxg8 44. Bd6 Na5 45. Rc2 Kf7 46. Bb4 Nb3
47. Kh4 Be5 48. g4 Nd4 49. Rf2 Nb5 50. Bc5 Nc7 51. Rd2 Nb5 52. g5 fxg5+ 53.
Kxg5 Bf6+ 54. Kg4 Be5 55. Re2 Bf6 56. Be7 Bd4 57. Kg5 Kg7 58. h6+ Kh7 59. f6
1-0

[Event "II Festival il Mare d'Inverno A"]
[Site "Gabicce Mare ITA"]
[Date "2013.01.02"]
[Round "1"]
[White "Brancaleoni, Maurizio"]
[Black "Cavatorta, Fosco"]
[WhiteElo "2235"]
[BlackElo "1930"]
[Result "1-0"]
[PlyCount "155"]
[EventDate "2013.01.02"]

1. d4 d6 2. e4 Nf6 3. Nc3 c6 4. Nf3 Bg4 5. h3 Bh5 6. Qe2 e6 7. g4 Bg6 8. Bg5 h6
9. Bh4 Be7 10. Bg3 d5 11. exd5 exd5 12. Ne5 Bh7 13. Bg2 Nfd7 14. O-O-O O-O 15.
h4 Bb4 16. Nxd5 cxd5 17. Bxd5 Qc8 18. g5 Nxe5 19. dxe5 Nd7 20. e6 Nb6 21. exf7+
Rxf7 22. Bxf7+ Kxf7 23. Bd6 Bxd6 24. Rxd6 Qf5 25. Re1 Qf4+ 26. Qd2 Qxd2+ 27.
Rxd2 Rc8 28. gxh6 gxh6 29. c3 Rc7 30. Rd6 Re7 31. Rxe7+ Kxe7 32. Rxh6 Bg8 33.
a3 Nd7 34. Rg6 Kf7 35. Rg5 b6 36. b4 Bh7 37. Rd5 Ke6 38. Rh5 Nf6 39. Rg5 Ne4
40. Rg7 Bf5 41. Kb2 Nxf2 42. Rxa7 Nd3+ 43. Ka2 Nc1+ 44. Kb2 Nd3+ 45. Kb3 b5 46.
c4 bxc4+ 47. Kxc4 Ne5+ 48. Kc5 Nd7+ 49. Kd4 Ke7 50. a4 Kd6 51. Ra6+ Kc7 52. a5
Nb8 53. Rf6 Nc6+ 54. Kc5 Bd7 55. Rf7 Ne5 56. Rg7 Nd3+ 57. Kc4 Ne5+ 58. Kd5 Nc6
59. Kc5 Nd8 60. Rh7 Ne6+ 61. Kd5 Nf8 62. Rh6 Bg4 63. h5 Bf3+ 64. Kc4 Nd7 65. b5
Be2+ 66. Kb4 Ne5 67. Re6 Nd3+ 68. Kc3 Nf4 69. Re4 Nd5+ 70. Kd4 Bxh5 71. Kxd5
Bf3 72. Kd4 Bg2 73. Rh4 Bb7 74. Rh7+ Kb8 75. Kc5 Bc8 76. Kb6 Bb7 77. Rh8+ Bc8
78. a6 1-0

[Event "II Festival il Mare d'Inverno A"]
[Site "Gabicce Mare ITA"]
[Date "2013.01.02"]
[Round "1"]
[White "Caprio, Guido"]
[Black "Buratti, Marco"]
[WhiteElo "2409"]
[BlackElo "1991"]
[Result "1-0"]
[PlyCount "77"]
[EventDate "2013.01.02"]

1. Nf3 Nc6 2. d4 d5 3. c4 Bg4 4. cxd5 Bxf3 5. gxf3 Qxd5 6. e3 O-O-O 7. Nc3 Qh5
8. Bd2 e6 9. f4 Qg6 10. Rc1 Nge7 11. Qa4 Nd5 12. Nxd5 Rxd5 13. Ba6 Nd8 14. Bc4
Rxd4 15. Qxa7 Rxf4 16. Bb5 c6 17. Qa8+ Kd7 18. exf4 Qe4+ 19. Be3 Qxh1+ 20. Ke2
Qxh2 21. Rd1+ Bd6 22. Bxc6+ bxc6 23. Qa7+ Kc8 24. Rxd6 Qh5+ 25. Ke1 Qb5 26. Bb6
Qb4+ 27. Rd2 Qe4+ 28. Kf1 Qh1+ 29. Ke2 Qe4+ 30. Be3 e5 31. Qa6+ Kc7 32. f3 Qb4
33. Qa7+ Nb7 34. Bb6+ Qxb6 35. Rd7+ Kxd7 36. Qxb6 Nd6 37. fxe5 Re8 38. Qd4 Re6
39. Kf2 1-0

[Event "II Festival il Mare d'Inverno A"]
[Site "Gabicce Mare ITA"]
[Date "2013.01.02"]
[Round "1"]
[White "Coronel, Joshua"]
[Black "Altini, Nicola"]
[WhiteElo "1943"]
[BlackElo "2343"]
[Result "1/2-1/2"]
[PlyCount "95"]
[EventDate "2013.01.02"]

1. e4 c5 2. Nf3 e6 3. d4 cxd4 4. Nxd4 a6 5. Nc3 Qc7 6. Bd3 Nf6 7. Be3 Nc6 8.
O-O h5 9. h3 b5 10. Nxc6 Qxc6 11. e5 Bb7 12. f3 Nd5 13. Be4 Bc5 14. Bf2 Nxc3
15. Bxc6 Nxd1 16. Bxc5 Bxc6 17. Raxd1 Rc8 18. b4 h4 19. Rd4 f6 20. f4 Rh5 21.
Re1 Rf5 22. Re3 Kf7 23. Re2 Rg8 24. Bd6 Bd5 25. a3 Rc8 26. Bc5 a5 27. Kh2 a4
28. Kg1 Rh8 29. Bd6 Rc8 30. Bc5 Bc6 31. Bd6 Rh8 32. Rf2 Rh6 33. c4 Rg6 34. cxb5
Bxb5 35. Kh2 Rg3 36. Rf3 Rg6 37. g4 hxg3+ 38. Rxg3 Rh6 39. Rc3 Rfh5 40. Re4 Rh4
41. exf6 gxf6 42. Ree3 Bc6 43. Rc5 R6h5 44. Rec3 Kg6 45. Rg3+ Kf7 46. Rgc3 Kg6
47. Rg3+ Kf7 48. Rgc3 1/2-1/2

[Event "II Festival il Mare d'Inverno A"]
[Site "Gabicce Mare ITA"]
[Date "2013.01.02"]
[Round "1"]
[White "Dionigi, Riccardo"]
[Black "Capaliku, Aleks"]
[WhiteElo "1910"]
[BlackElo "2137"]
[Result "0-1"]
[PlyCount "88"]
[EventDate "2013.01.02"]

1. d4 f5 2. g3 Nf6 3. Bg2 e6 4. c4 d5 5. Nf3 c6 6. O-O Bd6 7. b3 Qe7 8. a4 a5
9. Ba3 O-O 10. Ne5 Nbd7 11. Qc2 Bxa3 12. Nxa3 Nxe5 13. dxe5 Ng4 14. Qc3 Qb4 15.
Qb2 f4 16. Bf3 Nh6 17. Kh1 fxg3 18. fxg3 b6 19. Nc2 Qc5 20. cxd5 cxd5 21. e4
Bb7 22. exd5 Rxf3 23. Rxf3 Bxd5 24. Raf1 Ng4 25. Ne1 Rf8 26. Qg2 Rxf3 27. Nxf3
Nxe5 28. Qe2 Nxf3 29. Rxf3 Bxf3+ 30. Qxf3 Qd5 31. Kg2 Qxf3+ 32. Kxf3 Kf7 33.
Kf4 Kf6 34. h4 h5 35. Ke4 e5 36. Kd5 Kf5 37. Kc6 e4 38. Kxb6 e3 39. Kxa5 e2 40.
b4 e1=Q 41. Kb5 Qe8+ 42. Ka5 Qa8+ 43. Kb5 Qb7+ 44. Kc5 Qa6 0-1

[Event "II Festival il Mare d'Inverno A"]
[Site "Gabicce Mare ITA"]
[Date "2013.01.02"]
[Round "1"]
[White "Drazic, Sinisa"]
[Black "Rovedi, Mauro"]
[WhiteElo "2471"]
[BlackElo "2049"]
[Result "1-0"]
[PlyCount "133"]
[EventDate "2013.01.02"]

1. Nh3 b6 2. Nc3 Bb7 3. e4 c5 4. d4 cxd4 5. Qxd4 Nc6 6. Qd2 e6 7. Bb5 Bb4 8. a3
Bxc3 9. Qxc3 Qf6 10. Qg3 Qe5 11. Qxe5 Nxe5 12. f3 Rc8 13. Bf4 Nc4 14. O-O-O Nf6
15. Bxc4 Rxc4 16. Bd6 Rc6 17. b3 Nd5 18. Be5 Nf6 19. Rd2 Ke7 20. Rhd1 Rd8 21.
Bd6+ Ke8 22. Kb2 Ng8 23. Nf4 f6 24. a4 Ne7 25. c4 Kf7 26. Ba3 Rc7 27. Ne2 e5
28. Nc3 Bc6 29. Nb5 Bxb5 30. Bxe7 Kxe7 31. axb5 d6 32. Kc3 Ke6 33. g3 Rdd7 34.
f4 g6 35. Kd3 Rg7 36. Ke3 Rgd7 37. Rd5 Rc5 38. Kf3 Ke7 39. R5d2 Rd8 40. h4 h5
41. Ra2 Rc7 42. Ke3 Ke6 43. fxe5 fxe5 44. Rf1 Rdd7 45. Rf8 Rf7 46. Rd8 Rg7 47.
Rh8 Rh7 48. Ra8 Rhf7 49. Ra1 Rb7 50. Rg1 Rf6 51. Re8+ Kd7 52. Rg8 Ke6 53. Kd2
Rbf7 54. Kc3 Rc7 55. Kb4 Kf7 56. Rd8 Ke7 57. Rh8 Ke6 58. g4 hxg4 59. Rxg4 Rg7
60. h5 Rf4 61. h6 Rgf7 62. Rxg6+ R7f6 63. Re8+ Kf7 64. Rxf6+ Rxf6 65. h7 Kxe8
66. h8=Q+ Ke7 67. Qb8 1-0

[Event "II Festival il Mare d'Inverno A"]
[Site "Gabicce Mare ITA"]
[Date "2013.01.02"]
[Round "1"]
[White "Ferraguti, Francesco"]
[Black "Bjerke, Silje"]
[WhiteElo "1925"]
[BlackElo "2210"]
[Result "0-1"]
[PlyCount "72"]
[EventDate "2013.01.02"]

1. d4 d5 2. c4 e5 3. dxe5 d4 4. Nf3 Nc6 5. g3 Nge7 6. Bg2 Ng6 7. O-O Ngxe5 8.
Nbd2 Be7 9. b3 O-O 10. Nxe5 Nxe5 11. Nf3 Nxf3+ 12. Bxf3 c6 13. Bb2 Bh3 14. Re1
Bb4 15. Qxd4 Qxd4 16. Bxd4 Bxe1 17. Rxe1 Be6 18. c5 Rfd8 19. e3 Rd7 20. Re2 a5
21. Be4 a4 22. b4 a3 23. Bc2 h5 24. Bd1 g5 25. Rd2 h4 26. g4 h3 27. f3 f5 28.
gxf5 Bxf5 29. Bb3+ Kh7 30. Kf2 Rf8 31. Kg3 Re7 32. Bc4 Bg6 33. Kxh3 Rxf3+ 34.
Kg4 Rf8 35. Kxg5 Re4 36. Bf6 Rxc4 0-1

[Event "II Festival il Mare d'Inverno A"]
[Site "Gabicce Mare ITA"]
[Date "2013.01.02"]
[Round "1"]
[White "Formento, Paolo"]
[Black "Guglielmi, Dante"]
[WhiteElo "2184"]
[BlackElo "1917"]
[Result "1-0"]
[PlyCount "79"]
[EventDate "2013.01.02"]

1. e4 c5 2. Nf3 d6 3. d4 cxd4 4. Nxd4 Nf6 5. Nc3 a6 6. Bc4 e6 7. Bb3 Be7 8. g4
Nc6 9. g5 Nxd4 10. Qxd4 Nh5 11. Rg1 Qa5 12. Be3 Qe5 13. Qd2 Bd7 14. f4 Qa5 15.
Qf2 Bd8 16. O-O-O Bc7 17. f5 O-O-O 18. fxe6 fxe6 19. Qf7 g6 20. Bxe6 Bxe6 21.
Qxe6+ Kb8 22. Qc4 Rhf8 23. Rd5 b5 24. Nxb5 Bb6 25. Nd4 Bxd4 26. Rxa5 Bxe3+ 27.
Kd1 Bxg1 28. Qxa6 Kc7 29. Ra3 Rb8 30. Rc3+ Kd7 31. e5 Rb6 32. Qa4+ Ke6 33. Qg4+
Rf5 34. Qxg1 Rxb2 35. Kc1 Rxa2 36. Qb6 Ra1+ 37. Kb2 Rd1 38. Re3 Rxe5 39. Rxe5+
Kxe5 40. Qe3+ 1-0

[Event "II Festival il Mare d'Inverno A"]
[Site "Gabicce Mare ITA"]
[Date "2013.01.02"]
[Round "1"]
[White "Guzzetti, Luigi Enrico"]
[Black "Moroni, Luca jr"]
[WhiteElo "1917"]
[BlackElo "2161"]
[Result "0-1"]
[PlyCount "94"]
[EventDate "2013.01.02"]

1. e4 c5 2. Nf3 d6 3. d4 Nf6 4. Nc3 cxd4 5. Nxd4 a6 6. Be2 e6 7. Be3 Be7 8. O-O
O-O 9. a4 Qc7 10. Qd2 b6 11. f3 Bb7 12. Rfd1 Nbd7 13. Nb3 Nc5 14. Qe1 Nfd7 15.
Nd4 Ne5 16. f4 Nc6 17. Nxc6 Bxc6 18. Bd3 Bf6 19. Bxc5 bxc5 20. a5 Qb8 21. Ra2
Rd8 22. Ne2 c4 23. Bxc4 Bxe4 24. Bd3 Bc6 25. c3 Qb7 26. Qf2 Bd5 27. Raa1 Rab8
28. b4 Rdc8 29. Rac1 g6 30. h3 Rc7 31. c4 Be4 32. Bxe4 Qxe4 33. Rxd6 Rxc4 34.
Rxc4 Qxc4 35. Rb6 Rxb6 36. axb6 Qxb4 37. Kh2 Bd8 38. Qf3 Qxb6 39. Nc3 Bf6 40.
Ne4 Bd4 41. Ng5 Bg1+ 42. Kg3 a5 43. h4 a4 44. Qa8+ Kg7 45. Qxa4 Bf2+ 46. Kh3
Qb1 47. g3 Qh1+ 0-1

[Event "II Festival il Mare d'Inverno A"]
[Site "Gabicce Mare ITA"]
[Date "2013.01.02"]
[Round "1"]
[White "Lucchi, Lorenzo"]
[Black "Santeramo, Alessia Carmen"]
[WhiteElo "2101"]
[BlackElo "1893"]
[Result "1-0"]
[PlyCount "79"]
[EventDate "2013.01.02"]

1. c4 Nf6 2. g3 e5 3. Bg2 Be7 4. Nf3 d6 5. d4 exd4 6. Nxd4 O-O 7. O-O d5 8.
cxd5 Nxd5 9. Qb3 c6 10. Rd1 Qb6 11. Bxd5 cxd5 12. Nc3 Qxb3 13. Nxb3 d4 14. Nd5
Bd8 15. Nxd4 Na6 16. Bf4 Bb6 17. Nb5 Be6 18. Nxb6 axb6 19. Nd6 Nc5 20. b3 h6
21. Be3 Rfd8 22. b4 Na4 23. Nxb7 Rxd1+ 24. Rxd1 Nc3 25. Rd8+ Rxd8 26. Nxd8
Nxe2+ 27. Kf1 Bc4 28. Ke1 b5 29. Kd2 Ng1 30. Nb7 Nf3+ 31. Kc3 Nxh2 32. Kd4 Ng4
33. a4 Nxe3 34. fxe3 h5 35. a5 Be6 36. Nd6 Bd7 37. Kc5 g5 38. a6 h4 39. gxh4
gxh4 40. a7 1-0

[Event "II Festival il Mare d'Inverno A"]
[Site "Gabicce Mare ITA"]
[Date "2013.01.02"]
[Round "1"]
[White "Miracola, Massimiliano"]
[Black "Rebeggiani, Andrea"]
[WhiteElo "2143"]
[BlackElo "1912"]
[Result "1-0"]
[PlyCount "59"]
[EventDate "2013.01.02"]

1. e4 c6 2. d4 g6 3. Nc3 d5 4. e5 Nh6 5. Bf4 f6 6. Qd2 Nf7 7. exf6 exf6 8.
O-O-O Be7 9. Bh6 Nxh6 10. Qxh6 Kf7 11. h4 Bf8 12. Qd2 Bg7 13. Bd3 Na6 14. a3 b5
15. Nce2 Qd6 16. h5 f5 17. Nf3 Bd7 18. Ng5+ Kf6 19. h6 Bf8 20. Ng1 Nc7 21. N1f3
Ne6 22. Nxe6 Bxe6 23. Rde1 Be7 24. Ng5 Bd7 25. Re5 Rae8 26. Qf4 Qb8 27. Rhe1
Bd6 28. Qh4 Bxe5 29. dxe5+ Ke7 30. Nxh7+ 1-0

[Event "II Festival il Mare d'Inverno A"]
[Site "Gabicce Mare ITA"]
[Date "2013.01.02"]
[Round "1"]
[White "Pipitone, Antonio"]
[Black "Lantini, Marco"]
[WhiteElo "1920"]
[BlackElo "2186"]
[Result "1/2-1/2"]
[PlyCount "69"]
[EventDate "2013.01.02"]

1. e4 e5 2. Nf3 Nc6 3. Bb5 a6 4. Ba4 Nf6 5. O-O Be7 6. Re1 b5 7. Bb3 d6 8. c3
O-O 9. h3 Na5 10. Bc2 c5 11. d4 Nd7 12. a4 exd4 13. cxd4 b4 14. b3 Re8 15. Bf4
cxd4 16. Nxd4 Ne5 17. Nd2 Bf6 18. Be3 Nac6 19. Rc1 Nxd4 20. Bxd4 Bb7 21. Be3
Ng6 22. Nc4 Bc3 23. Bd2 d5 24. Bxc3 bxc3 25. exd5 Rxe1+ 26. Qxe1 Bxd5 27. Ne3
Bb7 28. Qxc3 Nf4 29. Kf1 Rc8 30. Qb2 Qh4 31. Be4 Rxc1+ 32. Qxc1 Qe7 33. Bxb7
Qxb7 34. Qc4 Ne6 35. b4 1/2-1/2

[Event "II Festival il Mare d'Inverno A"]
[Site "Gabicce Mare ITA"]
[Date "2013.01.02"]
[Round "1"]
[White "Rambaldi, Francesco"]
[Black "Mondal, Prince"]
[WhiteElo "2310"]
[BlackElo "1938"]
[Result "1-0"]
[PlyCount "89"]
[EventDate "2013.01.02"]

1. e4 c5 2. Nf3 d6 3. Bb5+ Bd7 4. Bxd7+ Qxd7 5. O-O Nc6 6. Qe2 Nf6 7. Rd1 e6 8.
d4 cxd4 9. Nxd4 Be7 10. c4 a6 11. b3 O-O 12. Nc3 Rac8 13. Bb2 Qc7 14. Rac1 Qb8
15. Rd3 Ne5 16. Rd2 Rfd8 17. Rcd1 Bf8 18. a4 Ng6 19. Nf3 Nd7 20. Qe3 Nde5 21.
Nd4 Nc6 22. Ba3 Nge7 23. Nxc6 Nxc6 24. Qb6 Qc7 25. Qxc7 Rxc7 26. Nb1 Rcd7 27.
Bc5 Rc8 28. Bb6 Ne5 29. f4 Rc6 30. a5 Ng6 31. g3 e5 32. f5 Ne7 33. Nc3 Nc8 34.
Be3 b6 35. axb6 Nxb6 36. Ra1 Na8 37. Rda2 Nc7 38. Nd5 Nxd5 39. cxd5 Rc8 40.
Rxa6 Rb7 41. Rb6 Rxb6 42. Bxb6 Rb8 43. Ra6 Rc8 44. Ra7 Rb8 45. Bc7 1-0

[Event "II Festival il Mare d'Inverno A"]
[Site "Gabicce Mare ITA"]
[Date "2013.01.02"]
[Round "1"]
[White "Rigo, Gianfrancesco"]
[Black "Bae, Torstein"]
[WhiteElo "2022"]
[BlackElo "2442"]
[Result "0-1"]
[PlyCount "56"]
[EventDate "2013.01.02"]

1. e4 e5 2. Nf3 Nc6 3. d4 exd4 4. Bc4 Nf6 5. O-O Nxe4 6. Re1 d5 7. Bxd5 Qxd5 8.
Nc3 Qa5 9. Nxe4 Be6 10. Bd2 Qd5 11. Bg5 Bd6 12. Bf6 O-O 13. Nxd4 Nxd4 14. Bxd4
Be7 15. b3 Rad8 16. Bb2 Qc6 17. Qe2 Rfe8 18. Rad1 Rxd1 19. Rxd1 Bf5 20. Ng3 Bf8
21. Qd2 Qxc2 22. Qxc2 Bxc2 23. Rc1 Bd3 24. f3 c5 25. Kf2 b5 26. Ba3 b4 27. Bb2
Bd6 28. a3 a5 0-1

[Event "II Festival il Mare d'Inverno A"]
[Site "Gabicce Mare ITA"]
[Date "2013.01.02"]
[Round "1"]
[White "Ruck, Robert"]
[Black "Rago, Riccardo"]
[WhiteElo "2571"]
[BlackElo "2061"]
[Result "1-0"]
[PlyCount "69"]
[EventDate "2013.01.02"]

1. Nf3 d5 2. d4 Nf6 3. c4 c6 4. Nc3 e6 5. e3 Nbd7 6. Qc2 Bd6 7. b3 O-O 8. Be2
e5 9. Bb2 exd4 10. Nxd4 dxc4 11. bxc4 Re8 12. Rd1 Qc7 13. Nf5 Bf8 14. O-O Nc5
15. Ng3 Bg4 16. Rd4 Bxe2 17. Ncxe2 Rad8 18. Rh4 Ncd7 19. Rd1 Ne5 20. Rhd4 Rxd4
21. exd4 Ng6 22. Nf5 Qa5 23. Ne3 Ne4 24. Ng3 Nf6 25. d5 cxd5 26. Bxf6 gxf6 27.
cxd5 Bd6 28. Ne4 Be5 29. g3 Rd8 30. d6 Qb6 31. Nf5 Kh8 32. Qd2 Qc6 33. Qh6 Rg8
34. d7 Qc7 35. d8=Q 1-0

[Event "II Festival il Mare d'Inverno A"]
[Site "Gabicce Mare ITA"]
[Date "2013.01.02"]
[Round "1"]
[White "Sanguinetti, Edoardo"]
[Black "Bodiroga, Predrag"]
[WhiteElo "1986"]
[BlackElo "2387"]
[Result "1/2-1/2"]
[PlyCount "131"]
[EventDate "2013.01.02"]

1. e4 c6 2. d4 d5 3. Nd2 dxe4 4. Nxe4 Bf5 5. Ng3 Bg6 6. h4 h6 7. Nf3 Nd7 8. h5
Bh7 9. Bd3 Bxd3 10. Qxd3 e6 11. Bd2 Ngf6 12. O-O-O Be7 13. Ne4 Nxe4 14. Qxe4
Nf6 15. Qe2 Qd5 16. c4 Qe4 17. Qxe4 Nxe4 18. Be3 O-O 19. Ne5 Rfc8 20. Kb1 a5
21. g4 a4 22. f3 Nd6 23. Rc1 Rd8 24. Rhd1 Bf6 25. Bf4 Rac8 26. Rc2 Be7 27. d5
Ne8 28. Rcd2 exd5 29. cxd5 c5 30. Nc4 Ra8 31. d6 Bg5 32. Bxg5 hxg5 33. d7 Nf6
34. Ne5 Ra6 35. Rc1 Ra5 36. Nc4 Rb5 37. Ne5 Kf8 38. Rdc2 c4 39. Nxc4 Rxd7 40.
Ne3 a3 41. Rc8+ Ke7 42. Nf5+ Rxf5 43. gxf5 axb2 44. Kxb2 Nxh5 45. R8c7 Ng3 46.
Rxd7+ Kxd7 47. Rg1 Nxf5 48. Rxg5 Ke6 49. Kc3 f6 50. Rg4 Kd5 51. Rb4 Nd6 52. f4
b5 53. Kd3 g5 54. fxg5 fxg5 55. Rg4 Nf7 56. Rd4+ Kc5 57. Ke3 Nd6 58. Rg4 Nf7
59. Rg1 Kb4 60. Rb1+ Kc4 61. Rc1+ Kd5 62. Rf1 Nd6 63. Rg1 Nf7 64. Rf1 Nd6 65.
Rg1 Nf7 66. Rf1 1/2-1/2

[Event "II Festival il Mare d'Inverno A"]
[Site "Gabicce Mare ITA"]
[Date "2013.01.02"]
[Round "1"]
[White "Szabo, Bence"]
[Black "Dobboletta, Alex"]
[WhiteElo "2366"]
[BlackElo "1976"]
[Result "1-0"]
[PlyCount "43"]
[EventDate "2013.01.02"]

1. d4 Nf6 2. c4 g6 3. Nc3 Bg7 4. e4 d6 5. Nf3 O-O 6. h3 e5 7. d5 Na6 8. Bg5 h6
9. Be3 Nc5 10. Nd2 a5 11. Be2 Ne8 12. g4 f5 13. exf5 gxf5 14. Rg1 Qh4 15. Qc2
Na6 16. Nf3 Qxh3 17. gxf5 Bxf5 18. Qd2 Bg4 19. Ng5 hxg5 20. Bxg4 Qh2 21. O-O-O
Nc5 22. Rh1 1-0

[Event "II Festival il Mare d'Inverno A"]
[Site "Gabicce Mare ITA"]
[Date "2013.01.02"]
[Round "1"]
[White "Tazzioli, Luca"]
[Black "Altini, Daniele"]
[WhiteElo "1933"]
[BlackElo "2283"]
[Result "0-1"]
[PlyCount "62"]
[EventDate "2013.01.02"]

1. e4 c5 2. Nf3 e6 3. d3 Nc6 4. g3 d6 5. Bg2 Nf6 6. O-O Be7 7. c3 O-O 8. Re1
Rb8 9. d4 cxd4 10. cxd4 b5 11. a4 b4 12. b3 Ba6 13. Bb2 Na5 14. Nbd2 Rc8 15. h4
Qb6 16. Ng5 h6 17. e5 Nd5 18. Qh5 hxg5 19. hxg5 g6 20. Qh6 Rfe8 21. Bxd5 Bf8
22. Qh3 exd5 23. e6 Qb7 24. e7 Rxe7 25. Red1 Rce8 26. Kg2 Qc8 27. Qh4 Bg7 28.
Rac1 Qf5 29. Rh1 Re2 30. Nf3 Rxb2 31. Rc7 Rxf2+ 0-1

[Event "II Festival il Mare d'Inverno A"]
[Site "Gabicce Mare ITA"]
[Date "2013.01.02"]
[Round "1"]
[White "Vesce, Emanuele"]
[Black "Marsili, Riccardo"]
[WhiteElo "1891"]
[BlackElo "2100"]
[Result "0-1"]
[PlyCount "34"]
[EventDate "2013.01.02"]

1. e4 c5 2. Nf3 Nc6 3. Nc3 g6 4. d4 cxd4 5. Nxd4 Bg7 6. Be3 Nf6 7. Bc4 O-O 8.
Bb3 d6 9. f3 Bd7 10. Qd2 Nxd4 11. Bxd4 b5 12. O-O-O a5 13. Nd5 a4 14. Nxf6+
exf6 15. Bd5 Rc8 16. a3 Qc7 17. h4 Bh6 0-1

[Event "II Festival il Mare d'Inverno A"]
[Site "Gabicce Mare ITA"]
[Date "2013.01.03"]
[Round "2"]
[White "Altini, Daniele"]
[Black "Lucchi, Lorenzo"]
[WhiteElo "2283"]
[BlackElo "2101"]
[Result "1-0"]
[PlyCount "39"]
[EventDate "2013.01.02"]

1. d4 d5 2. Bf4 c5 3. e4 cxd4 4. Qxd4 Nc6 5. Qxd5 Qxd5 6. exd5 Nb4 7. Bb5+ Bd7
8. Bxd7+ Kxd7 9. Na3 Rc8 10. O-O-O Nxa2+ 11. Kb1 Nb4 12. Nf3 Nf6 13. Rhe1 Ke8
14. Nb5 Nxc2 15. Re2 Nb4 16. Nd6+ Kd7 17. Nxc8 Kxc8 18. Rc1+ Kd8 19. Ne5 Rg8
20. Nxf7+ 1-0

[Event "II Festival il Mare d'Inverno A"]
[Site "Gabicce Mare ITA"]
[Date "2013.01.03"]
[Round "2"]
[White "Altini, Nicola"]
[Black "Sanguinetti, Edoardo"]
[WhiteElo "2343"]
[BlackElo "1986"]
[Result "1-0"]
[PlyCount "39"]
[EventDate "2013.01.02"]

1. Nf3 f5 2. d4 Nf6 3. g3 g6 4. Bg2 Bg7 5. c4 O-O 6. b4 d6 7. Bb2 Qe8 8. O-O
Ne4 9. Nbd2 Nxd2 10. Qxd2 c6 11. d5 Na6 12. Bxg7 Kxg7 13. e4 fxe4 14. Ng5 Nc7
15. Rae1 h6 16. Nxe4 Qf7 17. Re3 Re8 18. c5 cxd5 19. cxd6 Nb5 20. Ng5 1-0